| 000 | 00677nam a2200277Ia 4500 | ||
|---|---|---|---|
| 008 | 210210b2012 xxu||||| |||| 00| 0 eng d | ||
| 020 | _a8121910366 | ||
| 041 | _aeng | ||
| 082 | _a301 RAOS | ||
| 100 | _aRAO (Shankar C N) | ||
| 245 | _aSociology: principles of sociology with an introduction to sociological thought | ||
| 260 |
_aNew Delhi _bS. Chand & Co. Ltd. _c2012 |
||
| 300 | _axiv,925 | ||
| 650 | _awith | ||
| 650 | _ato | ||
| 650 | _athought | ||
| 650 | _aSociology: | ||
| 650 | _asociology | ||
| 650 | _asociological | ||
| 650 | _aprinciples | ||
| 650 | _aof | ||
| 650 | _aintroduction | ||
| 650 | _aan | ||
| 690 | _aSociology | ||
| 906 | _a065788 | ||
| 999 |
_c146473 _d146473 |
||